000 00404nam a2200181Ia 4500
005 20240823011605.0
008 240823s9999||||xx |||||||||||||| ||und||
041 _aENGLISH
082 _A823.914 P2
100 _a"Puzo,Mario"
245 4 _aThe Godfather and the Last Son
250 _a1st
260 _b"Arrow,B"
500 _aYES
650 _aGeneral
_bGeneral
942 _cBK
999 _c161980
_d161980